|
|
|
|
| LEADER |
02754nam a2200445 4500 |
| 001 |
978-3-319-69113-8 |
| 003 |
DE-He213 |
| 005 |
20191029032510.0 |
| 007 |
cr nn 008mamaa |
| 008 |
171227s2018 gw | s |||| 0|eng d |
| 020 |
|
|
|a 9783319691138
|9 978-3-319-69113-8
|
| 024 |
7 |
|
|a 10.1007/978-3-319-69113-8
|2 doi
|
| 040 |
|
|
|d GrThAP
|
| 050 |
|
4 |
|a HF5387-5387.5
|
| 072 |
|
7 |
|a KJG
|2 bicssc
|
| 072 |
|
7 |
|a BUS008000
|2 bisacsh
|
| 072 |
|
7 |
|a KJG
|2 thema
|
| 082 |
0 |
4 |
|a 174.4
|2 23
|
| 100 |
1 |
|
|a Storchevoy, Maxim.
|e author.
|4 aut
|4 http://id.loc.gov/vocabulary/relators/aut
|
| 245 |
1 |
2 |
|a A Scientific Approach to Ethics
|h [electronic resource] :
|b Developing Greater Respect for Ethics in Business and Society /
|c by Maxim Storchevoy.
|
| 250 |
|
|
|a 1st ed. 2018.
|
| 264 |
|
1 |
|a Cham :
|b Springer International Publishing :
|b Imprint: Palgrave Macmillan,
|c 2018.
|
| 300 |
|
|
|a XIII, 147 p. 1 illus.
|b online resource.
|
| 336 |
|
|
|a text
|b txt
|2 rdacontent
|
| 337 |
|
|
|a computer
|b c
|2 rdamedia
|
| 338 |
|
|
|a online resource
|b cr
|2 rdacarrier
|
| 347 |
|
|
|a text file
|b PDF
|2 rda
|
| 505 |
0 |
|
|a 1 Why Science? What Science? -- 2 A Scientific Approach to Normative Ethics -- 3 Evolutionary Model of Man -- 4 Normative Ethics Before the Twentieth Century -- 5 Moore, Vienna Circle and Meta-Ethics -- 6 Contractualism and Rational Choice -- 7 Other Approaches.
|
| 520 |
|
|
|a This book suggests that normative ethics should be developed as a social science, and that this will improve its reputation in business and society. Storchevoy defines four criteria of a good scientific method (clear definitions, correct logic, empirical verification, accurate measurement) and demonstrates how normative ethics can make use of them. He provides a historical review of the methodological evolution of normative ethics and outlines how it was moving in a nonlinear way towards this scientific development by the 16th century. A Scientific Approach to Ethics challenges the reputation of ethics among many within business and business schools as unscientific and argues that it can come to be seen as a scientific discipline able to reveal universal moral truth.
|
| 650 |
|
0 |
|a Business ethics.
|
| 650 |
1 |
4 |
|a Business Ethics.
|0 http://scigraph.springernature.com/things/product-market-codes/526000
|
| 650 |
2 |
4 |
|a Business Ethics.
|0 http://scigraph.springernature.com/things/product-market-codes/E14050
|
| 710 |
2 |
|
|a SpringerLink (Online service)
|
| 773 |
0 |
|
|t Springer eBooks
|
| 776 |
0 |
8 |
|i Printed edition:
|z 9783319691121
|
| 776 |
0 |
8 |
|i Printed edition:
|z 9783319691145
|
| 776 |
0 |
8 |
|i Printed edition:
|z 9783319887159
|
| 856 |
4 |
0 |
|u https://doi.org/10.1007/978-3-319-69113-8
|z Full Text via HEAL-Link
|
| 912 |
|
|
|a ZDB-2-BUM
|
| 950 |
|
|
|a Business and Management (Springer-41169)
|